First Ladies of Türkiye by Pitcure - Statistics

General Stats
  • This quiz has been taken 18 times
  • The average score is 6 of 12
Answer Stats
Picture Hint Answer % Correct
2014-Present Emine Erdoğan
75%
1923-1925 Latife Uşşakî
75%
2007-2014 Hayrünnisa Gül
69%
1938-1950 Mevhibe İnönü
63%
1989-1993 Semra Özal
56%
1950-1960 Reşide Bayar
50%
2000-2007 Semra Sezer
44%
1993-2000 Nazmiye Demirel
38%
1980-1982 Sekine Evren
38%
1966-1973 Atıfet Sunay
31%
1973-1980 Emel Korutürk
31%
1960-1966 Melahat Gürsel
31%
No matching quizzes found
Score Distribution
Percent of People with Each Score
Percentile by Number Answered
Your Score History
You have not taken this quiz